| 000 | 00468nam a22001337a 4500 | ||
|---|---|---|---|
| 003 | LRUA | ||
| 005 | 20230208102006.0 | ||
| 008 | 230208b xxu||||| |||| 00| 0 eng d | ||
| 040 | _cRUA | ||
| 082 | _2DAN GRA 2015 C001 Or. | ||
| 245 | _aសៀវភៅកសិករកម្រងបច្ចេកទេសកសិកម្មល្អៗធន់នឹងអាកាសធាតុប្រែប្រួល | ||
| 260 |
_aPhnom Penh _bRUA _c2015 |
||
| 942 |
_2ddc _cKB |
||
| 999 |
_c21106 _d21106 |
||